Dynamic Duo Match 'Em Up Quiz Stats

 Plays Quiz Updated Nov 8, 2018

Support Sporcle.
Go Orange.
Score 0/32 Timer 03:00
1 Play Today
% Correct
Juliet
96.6%
Garfunkel
92.6%
McCartney
91.8%
Watson
90.8%
Cher
90.7%
Ernie
89.7%
Chong
88.6%
Costello
88.3%
Jerry
88%
Clark
84.7%
Hobbes
83.3%
Sundance
82%
Roy
81.7%
Teller
81.6%
Hardy
81.3%
Scully
79.9%
% Correct
Bailey
79.4%
Hammerstein
77.4%
Sam
75.6%
Rogers
71.6%
Sullivan
68.8%
Bess
68.8%
Orville
67.9%
Andy
64%
Wozniak
61.3%
Herb
54.1%
Crofts
53.5%
Martin
49.7%
Wooster
48.4%
Allen
47.4%
Loeb
43.3%
Jeremy
39.9%

From the Vault

25 Years of Television Beginnings

by qlh27

A lot of things change in 25 years, but we still see the same character types on every sitcom.
Remove Ads.
Support Sporcle.
Get the best of Sporcle when you Go Orange. This ad-free experience offers more features, more stats, and more fun while also helping to support Sporcle. Thank you for becoming a member.

Show Comments

Extras

Top Quizzes Today


Score Distribution

Your Account Isn't Verified!

In order to create a playlist on Sporcle, you need to verify the email address you used during registration. Go to your Sporcle Settings to finish the process.

Report this User

Report this user for behavior that violates our Community Guidelines.

Details: